EDUCATIONAL FREEDOM (Registro nro. 48400)
[ vista simple ]
| 000 -LEADER | |
|---|---|
| fixed length control field | 01006nam a2200181 a 4500 |
| 001 - CONTROL NUMBER | |
| control field | 48400 |
| 005 - DATE AND TIME OF LATEST TRANSACTION | |
| control field | 20180714032709.0 |
| 008 - FIXED-LENGTH DATA ELEMENTS--GENERAL INFORMATION | |
| fixed length control field | 140415d 000 0 eng d |
| 020 ## - INTERNATIONAL STANDARD BOOK NUMBER | |
| International Standard Book Number | 1930865562 |
| 041 ## - LANGUAGE CODE | |
| Language code of text/sound track or separate title | eng |
| 082 ## - DEWEY DECIMAL CLASSIFICATION NUMBER | |
| Classification number | 379.260973 |
| Item number | EDU |
| 245 00 - TITLE STATEMENT | |
| Title | EDUCATIONAL FREEDOM |
| 250 ## - EDITION STATEMENT | |
| Edition statement | 1a ed. |
| 260 ## - PUBLICATION, DISTRIBUTION, ETC. | |
| Place of publication, distribution, etc. | [s.l.] : |
| Name of publisher, distributor, etc. | CATO INSTITUTE, |
| Date of publication, distribution, etc. | [s.f.] |
| 300 ## - PHYSICAL DESCRIPTION | |
| Extent | 359 |
| Dimensions | 15.5 x 3 x 23.5 |
| 520 ## - SUMMARY, ETC. | |
| Summary, etc. | EN ESTA COLECCION, UNA DOCENA DE LIDERES ESCOLARES, EDUCADORES Y REFORMAS EXAMINA LA LEGALIDAD DE BROWN V. BOARD Y ESTA RELACION PARA LOS DIAS MODERNOS EN LA ELECCION DE MOVIMIENTOS ESCOLARES. UN ADMINISTRADOR Y UN PRIVILEGIADO FUNDADOR TAMBIEN SON CAMBIADOS Y LOS OBSTACULOS POR MAESTROS EN TRATAR DE AYUDAR A SUS ESTUDIANTES, JUNTOS ESTOS EXPERTOS INCLUYENDO A ANDREW COUL SON HOWARD FULLER, FLOYD FLAKE, FREDERICK HESS Y PAUL E. PETERSON EXPONEN LAS BARRERAS MODERNAS QUE PRIVAN LOS NI |
| 650 14 - SUBJECT ADDED ENTRY--TOPICAL TERM | |
| Topical term or geographic name entry element | EDUCACION URBANA |
| General subdivision | IGUALDAD DE OPORTUNIDADES EN EDUCACION |
| -- | EDUCACION |
| -- | ESTADOS UNIDOS |
| Withdrawn status | Lost status | Source of classification or shelving scheme | Damaged status | Not for loan | Collection code | Home library | Current library | Shelving location | Date acquired | Source of acquisition | Inventory number | Total Checkouts | Full call number | Barcode | Date last seen | Price effective from | Koha item type |
|---|---|---|---|---|---|---|---|---|---|---|---|---|---|---|---|---|---|
| Dewey Decimal Classification | General | Biblioteca Karol Wojtyla | Biblioteca Karol Wojtyla | Sala general | 03/12/2013 | Compra | 151000000000000000045257 | 379.260973 EDU | 72357 | 06/04/2026 | 03/12/2013 | Libro |